000 00413nam a2200157 i 4500
001 150561
003 ES-MaACL
005 20230906203554.0
007 t|
008 071031s1952 sp ||||1| cat d
100 1 _aValeri, Lluis.
_9112648
245 1 0 _aSomni de la vida eterna /
_cLluis Valeri.
260 _aBarcelona :
_b[s.n.],
_c1952.
300 _a88 p. ;
_c25 cm.
852 _aES-MaACL
_jD-7989
_bR.32380
999 _c150561
_d150561